Las fuentes de las obligaciones /

Introducción general a las fuentes de las obligaciones de acuerdo a la legislación civil mexicana. En particular, se profundiza en el contrato; de las demás, se contemplan la declaración unilateral de voluntad, el enriquecimiento ilícito y su especie, que es pago de lo indebido, la gestión de negoci...

Mô tả đầy đủ

Đã lưu trong:
Chi tiết về thư mục
Tác giả chính: Sanromán Aranda, Roberto (autor)
Định dạng: Sách
Ngôn ngữ:Tiếng Tây Ban Nha
Được phát hành: México : McGraw-Hill, 1998, c1998
Loạt:(Jurídica)
Những chủ đề:
Các nhãn: Thêm thẻ
Không có thẻ, Là người đầu tiên thẻ bản ghi này!

MARC

LEADER 00000nam^a2200000^a^4500
001 000109708
005 20250521000000.0
009 20260310093732.953
020 |a 970-10-2052-9 
037 |a Acervo ITESO - Biblioteca 
041 |a ESP 
082 |a 346. 7202  |b SAN 
100 |a Sanromán Aranda, Roberto  |e (autor) 
245 1 4 |a Las fuentes de las obligaciones /  |c R. Sanromán Aranda ; pról. de Agustín Espinosa de la Peña. 
264 4 |a México :  |b McGraw-Hill,  |c 1998, c1998 
300 |a VIII, 118 p. 
336 |a texto  |b txt  |2 rdacontenido 
337 |a sin mediación  |b n  |2 rdamedio 
338 |a volumen  |b nc  |2 rdasoporte 
440 1 |a (Jurídica) 
520 |a Introducción general a las fuentes de las obligaciones de acuerdo a la legislación civil mexicana. En particular, se profundiza en el contrato; de las demás, se contemplan la declaración unilateral de voluntad, el enriquecimiento ilícito y su especie, que es pago de lo indebido, la gestión de negocios y el hecho ilícito. Se abordan también las consecuencias del inclumplimiento de las obligaciones. 
649 |a XX 
650 |a Derecho de Crédito o de las Obligaciones 
650 |a Responsabilidad (Derecho) 
650 |a Contratos 
650 |a Derecho Civil 
650 |a Derecho Privado 
910 |a Fondo General 
920 |a Impresos - Libros 
930 |a Colección General 
905 |a 101 
901 |a 0500046100  |b IT1  |c ACC  |u 20250521 
902 |a https://opac.biblio.iteso.mx/vufind/Record/000109708